Spanish Animal Alphabet 2 - Estadísticas

Estadísticas generales
  • Esta prueba ha sido intentada 24 veces
  • La puntuación promedio es 7 de 9
Estadísticas de respuestas
Imagen Hint Respuesta % Correcto
K Koala
100%
L León
100%
M Mono
95%
I Iguana
91%
J Jirafa
91%
H Hipopótamo
86%
N Nutria
68%
O Ornitorrinco
68%
Ñ Ñandú
36%
No se encontraron pruebas coincidentes
Distribución de puntuación
Porcentaje de gente con cada puntuación
Porcentaje por número respondido
Historial de tus puntuaciones
No has intentado esta prueba.